000 00279nam a22001337a 4500
008 181006b xxu||||| |||| 00| 0 eng d
020 _a796603
041 _aeng
080 _a617
100 _a6
101 _aKIR
245 _aIntensive Care
_cSkillman, J.J
942 _2udc
_cBK
999 _c48940
_d48940